MARC

LEADER 00000nam0a2200000 4500
001 331198
005 20231102004331.0
035 |a (RuTPU)RU\TPU\book\356991 
090 |a 331198 
100 |a 20170418d1974 km y0rusy50 ca 
101 0 |a rus 
102 |a RU 
105 |a a z 001zy 
200 1 |a Скважинные заряды с воздушными промежутками  |f Академия наук СССР (АН СССР), Сибирское отделение (СО), Институт горного дела (ИГД) ; под ред. Е. П. Рябченко 
210 |a Новосибирск  |c Наука  |d 1974 
215 |a 92 с.  |c ил. 
320 |a Библиогр.: с. 88-91 
606 1 |a Заряды с воздушными промежутками  |2 stltpush  |3 (RuTPU)RU\TPU\subj\11371  |9 38317 
610 1 |a скважинные заряды 
610 1 |a воздушные промежутки 
610 1 |a конструкции 
610 1 |a применение 
610 1 |a исследование 
610 1 |a расчет 
610 1 |a инженерные методы 
610 1 |a горные работы 
610 1 |a взрывные работы 
675 |a 622.236.62  |v 4 
702 1 |a Рябченко  |b Е. П.  |4 340 
712 0 2 |a Академия наук СССР (АН СССР)  |b Сибирское отделение (СО)  |b Институт горного дела (ИГД)  |c (Новосибирск)  |2 stltpush  |3 (RuTPU)RU\TPU\col\11352 
801 1 |a RU  |b 63413507  |c 20170418 
801 2 |a RU  |b 63413507  |c 20170419  |g RCR 
942 |c BK